[Event "HUN-chT2 Maroczy 1011"]
[Site "Hungary"]
[Date "2010.11.07"]
[Round "5"]
[White "Dobai, Szabolcs"]
[Black "Banki H, Istvan"]
[Result "1/2-1/2"]
[WhiteElo "2206"]
[BlackElo "2228"]
[PlyCount "96"]
[EventDate "2010.09.12"]
[EventType "team-tourn"]
[EventRounds "11"]
[EventCountry "HUN"]
[SourceTitle "EXT 2012"]
[Source "ChessBase"]
[SourceDate "2011.11.24"]
[SourceVersion "1"]
[SourceVersionDate "2011.11.24"]
[SourceQuality "1"]
[WhiteTeam "Miskolc EMSE"]
[BlackTeam "Oroshaza"]
[WhiteTeamCountry "HUN"]
[BlackTeamCountry "HUN"]

1. c4 e5 2. Nc3 f5 3. d4 exd4 4. Qxd4 Nc6 5. Qe3+ Qe7 6. Nd5 Qxe3 7. Bxe3 Bb4+ 8. Bd2 Bxd2+ 9. Kxd2 Kd8 10. Nf3 Nge7 11. e3 d6 12. Be2 h6 13. Rhd1 Be6 14. Nf4 Bf7 15. Kc3 g5 16. Nd3 Ng6 17. b4 Ke7 18. b5 Nce5 19. c5 Rhd8 20. cxd6+ cxd6 21. Nd4 Be6 22. Kd2 Rac8 23. g3 Rc7 24. Nb4 Kf6 25. Rdc1 Rdc8 26. a4 Ne7 27. Nxe6 Kxe6 28. f4 Nc4+ 29. Bxc4+ Rxc4 30. Rxc4 Rxc4 31. Nc2 Nd5 32. Nd4+ Kf6 33. a5 a6 34. bxa6 bxa6 35. Rb1 Ra4 36. Rb8 Rxa5 37. Rf8+ Ke7 38. Rh8 Ra2+ 39. Kd3 Ra3+ 40. Kd2 Ra2+ 41. Kd3 gxf4 42. exf4 Rxh2 43. Nxf5+ Kf6 44. Nxd6 Rh3 45. Kd4 Ne7 46. Rf8+ Ke6 47. Ne4 Nf5+ 48. Kc5 Nxg3 1/2-1/2

[Event "HUN-chT2 Barcza 0910"]
[Site "Hungary"]
[Date "2010.05.02"]
[Round "11.1"]
[White "Dobai, Szabolcs"]
[Black "Hegedus, Rafael"]
[Result "1-0"]
[WhiteElo "2171"]
[BlackElo "2095"]
[PlyCount "61"]
[EventDate "2009.11.08"]
[EventType "team-tourn"]
[EventRounds "11"]
[EventCountry "HUN"]
[SourceTitle "EXT 2011"]
[Source "ChessBase"]
[SourceDate "2010.11.26"]
[SourceVersion "1"]
[SourceVersionDate "2010.11.26"]
[SourceQuality "1"]
[WhiteTeam "Miskolc"]
[BlackTeam "Mezokovesd"]
[WhiteTeamCountry "HUN"]
[BlackTeamCountry "HUN"]

1. d4 f5 2. Nf3 Nf6 3. g3 g6 4. Bg2 Bg7 5. c4 d6 6. 0-0 0-0 7. b3 c6 8. Bb2 Nbd7 9. Nbd2 Ne4 10. Nxe4 fxe4 11. Ng5 Nf6 12. Nxe4 Nxe4 13. Bxe4 Bh3 14. Bg2 Qd7 15. Qd2 Bxg2 16. Kxg2 Rf5 17. h3 Raf8 18. f4 Qe6 19. Qd3 d5 20. Rae1 g5 21. e4 dxe4 22. Qxe4 Qxe4+ 23. Rxe4 gxf4 24. Rfxf4 Rxf4 25. Rxf4 Rxf4 26. gxf4 c5 27. Kf3 Kf7 28. Ke4 e6 29. a3 Kg6 30. b4 b6 31. dxc5 1-0